000 01147nam a2200349 a 4500
001 000108113
003 CHAP
005 20240508130502.0
008 131205s2010 sp a |r| ||1|||spa d
010 _a104575
011 _a105547
020 _a9788428215077
040 _cCHAP
082 0 4 _a574.87
_bB61 2010
245 0 0 _aBiología molecular de la célula /
_cpor Bruce Alberts ...[et al.].
250 _a5 ed.
260 _aBarcelona, Esp. :
_bOmega,
_c2010.
300 _axxxv, 1602 p. :
_bil.
_e+ 1 DVD
500 _aEl DVD contiene : Capítulos 21-25 : Sistemas multicelulares . ; Figuras y tablas de formatos Power Point y JPEG. ; Paneles en formatos PDF. , Más de 150 videos y animaciones. ; Gestor de Biología celular interactiva.
590 _aE11695DGD
_b10
_c20131205
590 _aE11695DGD
_b10
_c20131205
590 _aE5765TAJ
_b05
_c20131205
650 1 4 _aBiofísica.
_912735
650 1 4 _aBioquímica.
_912849
650 1 4 _aBiosíntesis.
_912868
650 1 4 _aCitología.
_923489
650 1 4 _aGenomas.
_947508
700 1 _aAlberts, Bruce
_93487
901 _aBK
942 _cLIBRO
_2ddc
942 _n0
_2ddc
999 _c104575
_d104575